F1 quiz - Statistics

General Stats
  • This quiz has been taken 44 times
  • The average score is 91 of 179
Answer Stats
Year Drivers Champion Drivers Champion Team WDC Runner-up Constructor Champion Model of Constructor Champion % Correct
2008 | 2014 | 2015 | +4 others Lewis Hamilton - - - -
97%
2021 | 2022 | 2023 Max Verstappen - - - -
97%
1994 | 1995 | 2000 | +4 others Michael Schumacher - - - -
97%
2010 | 2011 | 2012 | 2013 Sebastian Vettel - - - -
97%
2005 | 2006 Fernando Alonso - - - -
95%
2016 Nico Rosberg - - - -
95%
1988 | 1990 | 1991 Ayrton Senna - - - -
92%
Bruce McLaren
92%
Ferrari
92%
2009 Jenson Button - - - -
92%
1982 Keke Rosberg - - - -
92%
Maserati | Mercedes
92%
McLaren
92%
Mercedes
92%
Red Bull
92%
1985 | 1986 | 1989 | 1993 Alain Prost - - - -
89%
2007 Kimi Raikkonen - - - -
89%
Renault
86%
1951 | 1954 | 1955 | +2 others Juan Manuel Fangio - - - -
81%
Williams
81%
Charles Leclerc
78%
Valtteri Bottas
78%
1996 Damon Hill - - - -
76%
1962 | 1968 Graham Hill - - - -
76%
1998 | 1999 Mika Hakkinen - - - -
76%
1975 | 1977 | 1984 Niki Lauda - - - -
76%
1961 Phil Hill - - - -
76%
Sergio Perez
76%
1952 | 1953 Alberto Ascari - - - -
73%
Gilles Villeneuve
73%
1997 Jaques Villeneuve - - - -
73%
1992 Nigel Mansell - - - -
73%
1969 | 1971 | 1973 Jackie Stewart - - - -
68%
1976 James Hunt - - - -
68%
1981 | 1983 | 1987 Nelson Piquet - - - -
68%
Benetton
65%
Brabham
65%
Brawn
65%
1972 | 1974 Emerson Fittipaldi - - - -
65%
1950 Giuseppe Farina - - - -
65%
1959 | 1960 | 1966 Jack Brabham - - - -
65%
Lotus
65%
Alfa Romeo
62%
Felipe Massa
62%
Rubens Barrichello
62%
1980 Alan Jones - - - -
57%
1963 | 1965 Jim Clark - - - -
54%
1978 Mario Andretti - - - -
54%
1967 Denny Hulme - - - -
51%
1970 Jochen Rindt - - - -
51%
1979 Jody Scheckter - - - -
51%
1964 John Surtees - - - -
49%
1958 Mike Hawthorn - - - -
49%
Maserati
46%
Cooper
43%
Eddie Irvine
43%
David Coulthard
41%
Heinz-Harald Frentzen
41%
Stirling Moss
41%
Tyrrell
41%
Vanwall
41%
BRM
38%
Matra
38%
RB18
38%
RB19
38%
W11
38%
W05
35%
W06
35%
W07
35%
W08
35%
W09
35%
W10
35%
Jacky Ickx
32%
W12
32%
Michele Alboreto
30%
MP4/13
30%
MP4/2
30%
MP4/4
30%
MP4/5
30%
MP4/6
30%
RB6
30%
RB7
30%
RB8
30%
RB9
30%
Riccardo Patrese
30%
MP4/2B
27%
MP4/5B
27%
Carlos Reutemann
24%
Jose Froilan Gonzalez
24%
Clay Regazzoni
22%
Didier Pironi
22%
Ronnie Peterson
22%
Tony Brooks
22%
F2001
19%
F2001 | F2002
19%
F2002 | F2003-GA
19%
F2004
19%
Wolfgang Von Trips
19%
BGP 001
16%
25
14%
FW11
14%
33
11%
72 | 72B | 72C
11%
FW11B
11%
FW14B
11%
FW16
11%
FW18
11%
FW19
11%
001 | 003
8%
49B
8%
78 | 79
8%
B195
8%
F2007
8%
FW15C
8%
M23
8%
R25
8%
R26
8%
T53
8%
312T
5%
312T | 312T2
5%
312T3 | 312T4
5%
BT24
5%
F1-2000
5%
F2008
5%
F399
5%
FW07B
5%
FW07C
5%
MS80
5%
T51
5%
126C2
3%
126C3
3%
156 F1
3%
158 F1
3%
72D
3%
72D | 72E
3%
BT20
3%
P57
3%
VW5
3%
312T2B
0%
No matching quizzes found
Score Distribution
Percent of People with Each Score
Percentile by Number Answered
Your Score History
You have not taken this quiz